| 000 | 00000nam 2200000za 4500 |
| 001 | 9.851725 |
| 003 | CaOODSP |
| 005 | 20221107154432 |
| 007 | cr ||||||||||| |
| 008 | 180226s2018 onc ob f000 0 fre d |
| 020 | |a9780660251363 |
| 040 | |aCaOODSP|bfre |
| 043 | |an-cn--- |
| 086 | 1 |aHP40-208/2018F-PDF |
| 245 | 00|aRevue documentaire sur l’immunisation durant la grossesse par le vaccin combiné anti-Tétanos, et à dose réduite contre la diphtérie et la coqueluche acellulaire (dcaT) |h[ressource électronique] : |binnocuité, immunogénicité et efficacité. |
| 246 | 1 |iEn tête du titre : |aDéclaration d’un comité consultatif (DCC), Comité consultatif national de l’immunisation (CCNI) |
| 260 | |a[Ottawa] : |bAgence de la santé publique du Canada, |c2018. |
| 300 | |a139 p. |
| 500 | |aPubl. aussi en anglais sous le titre : Literature review on immunization in pregnancy with tetanus toxoid, reduced diphtheria toxoid and reduced acellular pertussis (Tdap) vaccine: safety, immunogenicity and effectiveness. |
| 500 | |aTitre de la couv. |
| 500 | |a« Date de publication : février 2018. » |
| 500 | |aRédigée par : O. Baclic ... [et al.]. Cf. Remerciements. |
| 504 | |aComprend des références bibliographiques (p. 34-39). |
| 692 | 07|2gccst|aImmunisation |
| 692 | 07|2gccst|aGrossesse |
| 693 | 4|aCoqueluche |
| 700 | 1 |aBaclic, Oliver. |
| 710 | 1 |aCanada. |bComité consultatif national de l'immunisation. |
| 710 | 2 |aAgence de santé publique du Canada. |
| 775 | 08|tLiterature review on immunization in pregnancy with tetanus toxoid, reduced diphtheria toxoid and reduced acellular pertussis (Tdap) vaccine |w(CaOODSP)9.851724 |
| 856 | 40|qPDF|s1.07 Mo|uhttps://publications.gc.ca/collections/collection_2018/aspc-phac/HP40-208-2018-fra.pdf |
| 986 | |a170471 |